000 00948naa a22002777a 4500
001 BR8807386
003 BR-BrBNA
005 20240918180340.0
007 ta
008 230509b bl.||||| |||| 00| 0 por d
040 _aBR-BrBNA
_bpor
_cBiblioteca Nacional de Agricultura
041 _a(Pt)
072 _aF60
_b1540
090 _aF60 BR8807386
100 1 _aBarros, R.S.
245 1 _aFisiologia da mandioca (Manihot esculenta Crantz)
260 3 _aCruz das Almas, BA (Brasil):
_c1976.
500 _a1. Curso intensivo nacional de mandioca [Manihot esculenta] Cruz das Almas, BA (Brasil): 1976. p. 231-257 (BR8807386-AM)F60
650 _aMANDIOCA
650 _aFOTOPERIODISMO
650 _aTEMPERATURA
650 _aFOTOSSINTESE
773 0 _t1. Curso intensivo nacional de mandioca [Manihot esculenta]
_wF60 BR8807386
_gCruz das Almas, BA (Brasil), 1976. p. 231-257
909 _a202404
_bLucia
_c55
_dLucia Elande
942 _cAM
_2AGRIS
999 _c319953
_d319953